Sean Bean Movies - Statistics

General Stats
  • This quiz has been taken 9 times
  • The average score is 6 of 12
Answer Stats
Release Year Costars Movie % Correct
1995 Pierce Brosnan, Famke Janssen GoldenEye
100%
2001 Elijah Wood, Viggo Mortensen The Lord of the Rings: The Fellowship of the Ring
100%
2004 Brad Pitt, Eric Bana Troy
67%
2004 Nicolas Cage, Diane Kruger National Treasure
56%
2005 Scarlett Johansson, Ewan McGregor The Island
56%
2015 Matt Damon, Jessica Chastain The Martian
56%
1992 Harrison Ford, Samuel L. Jackson Patriot Games
44%
2015 Adam Sandler, Kevin James Pixels
44%
2015 Mila Kunis, Eddie Redmayne Jupiter Ascending
33%
2010 Lauren Cohan, Danny Trejo Death Race 2
11%
2010 Logan Lerman, Uma Thurman Percy Jackson and the Olympians: Lightning Thief
0%
2006 Radha Mitchell, Laurie Holden Silent Hill
0%
No matching quizzes found
Score Distribution
Percent of People with Each Score
Percentile by Number Answered
Your Score History
You have not taken this quiz